| 000 | 00585nam a2200193 i 4500 | ||
|---|---|---|---|
| 001 | 75313 | ||
| 003 | ES-MaACL | ||
| 005 | 20250919111021.0 | ||
| 007 | t| | ||
| 008 | 040923s1977 sp ||||1| spa d | ||
| 100 | 1 |
_aGramsci, Antonio, _d1891-1937 _9241506 |
|
| 245 | 1 | 0 |
_aPolítica y sociedad / _cAntonio Gramsci ; [traducción de J. Solé-Tura]. |
| 250 | _a[1ª ed.]. | ||
| 260 |
_aBarcelona : _bPenínsula, _c[1977] |
||
| 300 |
_a220 p. ; _c19 cm. |
||
| 700 | 1 |
_aSolé Tura, Jordi, _d1930-2009 _9107136 |
|
| 852 |
_aES-MaACL _jA-8113 _bR.69644 |
||
| 999 |
_c75313 _d75313 |
||